000 00482nam a2200145Ia 4500
003 GCL
008 140319s9999 xx 000 0 ara d
040 _aGCL /
_cGCL
082 0 4 _a189.1
_bب ك
100 1 _aبركات محمد مراد
245 1 0 _aالكندى رائد الفلسفة العربية الاسلامية /
_cبركات محمد مراد
260 _aالقاهرة :
_bالصدر لخدمات الطباعة ،
_c1990
300 _a156 ص ؛
_c24سم
490 _a
999 _c35516
_d35516